000 00598nam a22001697a 4500
999 _c7983
_d7983
003 GBCCL
005 20241126110641.0
008 181122b ||||| |||| 00| 0 eng d
040 _cGBC
082 _aARCH GBC-2008
_bSAM
100 _aSamte, Mangthianlal
_913934
245 _aChristian Response to Contemporary Concept and Practice of Family Planning Among the Paite Community in Manipur |
_cMangthianlal Samte
260 _aNew Lamka:
_bGrace Bible College,
_c2008
300 _aiii + 62 p.;
_c21 x 30 cm.
650 _aFamily Planning
_vChristian Response
_xPaite
_zManipur
_913935
942 _2ddc
_cTH